Представление документа в формате RUSMARC

ПолеНазваниеЗначение
  Тип записи a
  Библиографический уровень m
001 Контрольный номер RU/SLIB/B/208735667
005 Дата корректировки 20241225124056.9
010 Индекс ISBN __
d Цена 400-00
101 Язык документа 0_
a Язык текста rus
200 Заглавие и сведения об ответственности 0_
a Заглавие Книга для чтения по неорганической химии
e Сведения, относящиеся к заглавию кн. для учащихся: в 2 ч.
f Первые сведения об ответственности сост. В. А. Крицман
b Общее обозначение материала Текст
h Номер части Ч. 2
205 Сведения об издании __
a Основные сведения об издании 3-е изд., перераб.
210 Выходные данные 1_
a Место издания М.
c Издательство Просвещение
d Дата издания 1993
215 Физическое описание __
a Объем 192 с.
c Иллюстрации/тип воспроизводства ил.
606 Тематические рубрики __
a Основная рубрика Химия
610 Ключевые слова 0_
a Ключевые слова теория электролитической диссоциации; металлы; свойства металлов; сплавы металлов; периодическая система элементов Менделеева; инертные газы; углерод; таблица Менделеева
686 Индексы других классификаций __
a Классификационный индекс 24.1я72; ст24.1я72
801 Источник записи _0
a Страна RU
b Организация Муниципальное бюджетное учреждение культуры "Централизованная библиотечная система" г. Сургут (Центральная городская библиотека им. А. С. Пушкина)
g Правила каталогизации КиК/Михайлова
801 Источник записи _1
a Страна RU
b Организация Муниципальное бюджетное учреждение культуры "Централизованная библиотечная система" г. Сургут (Центральная городская библиотека им. А. С. Пушкина)
g Правила каталогизации КиК/Михайлова
852 Данные о местонахождении __
j Шифр хранения 24.1я72
c Каталожный индекс 24.1я72
i Авторский знак К 53
p Инвентарный номер 52299
901 Тип документа __
t Тип документа m
990 Данные о заказе (DOS) __
j Количество экземпляров (DOS) 3
t N записи в КСУ для И/У (DOS) 199501